Vornamen, die auch etwas anderes bedeuten können - Statistiken

Allgemein
  • Dieses Quiz wurde 2.612 mal gespielt
    628 seit der letzten Aktualisierung
  • Das Durchschnittsergebnis liegt bei 11 aus 15
Antwortstatistiken
♂︎/♀︎ Umschreibung Name % Korrekt
♂︎ Der achte Monat August
98%
♀︎ Kletterpflanze, an der Tarzan gerne hin- und herschwingt Liane
94%
♂︎ Ehemalige deutsche Währung oder Knocheninneres Mark
94%
♀︎ Ergibt sich aus der Mischung von roter und weißer Farbe Rosa
93%
♂︎ Canis lupus, der Vorfahre des Hundes Wolf
89%
♀︎ Unterarmknochen (Mehrzahl) Ellen
86%
♂︎ Adlernest Horst
85%
♂︎ Seriosität, Humorlosigkeit Ernst
82%
♀︎ Eine Landschaftsform, die z. B. bei Lüneburg zu finden ist Heide
76%
♂︎ Universalwerkzeug zum Öffnen von Schlössern Dietrich
74%
♂︎ Fiktionales Buch, lange Prosa-Erzählung Roman
64%
♀︎ Regenbogenhaut oder Schwertlilie Iris
62%
♂︎ Befestigte Ufermauer Kai
60%
♀︎ Schienenwagen für den Transport von Schüttgut Lore
47%
♂︎ Kreisfreie Stadt in NRW mit dem KFZ-Kennzeichen HA Hagen
45%
Keine übereinstimmenden Quizze gefunden
Verteilung der Resultate
Anzahl Personen mit jedem Resultat
Perzentil nach korrekt beantworteten Fragen
Ihre Resultats-Entwicklung
Sie haben dieses Quiz seit der letzten Aktualisierung nicht gespielt